Budúcnosť Európskej únie

Zhodnotenie integračného procesu v rámci Európskej únie pod vplyvom súčasných trendov ako sú globalizácia, konkurencieschopnosť a finančná kríza. Hlavným dokumentom, ktorý by mal dnes ovplyvňovať dianie v Únii je Ústava Európskej únie, ktorá dáva Európskej únii právnu subjektivitu a výrazne mení f...

Full description

Saved in:
Bibliographic Details
Main Author: Korduliak, Peter
Format: Book Chapter
Language:Slovak
Subjects:
Tags: Add Tag
No Tags, Be the first to tag this record!

MARC

LEADER 00000nla$a2200000$$$4500
001 0094049
005 20240502083238.0
041 0 |a slo 
044 |a CZ 
245 1 0 |a Budúcnosť Európskej únie  |c Peter Korduliak 
520 |a Zhodnotenie integračného procesu v rámci Európskej únie pod vplyvom súčasných trendov ako sú globalizácia, konkurencieschopnosť a finančná kríza. Hlavným dokumentom, ktorý by mal dnes ovplyvňovať dianie v Únii je Ústava Európskej únie, ktorá dáva Európskej únii právnu subjektivitu a výrazne mení fungovanie jej orgánov . Daná zmluva, ale bola národnými referendami v Holandsku a Francúzsku odmietnutá, čo malo za následok jej prerobenie a snahy o jej znovuprijatie vo forme Lisabonskej zmluvy a taktiež to malo za následok zastavenie procesu rozširovania Únie. Európska únia sa ale bude a bude musieť rozširovať , pretože je to pre ňu výhodné a vychádza to z jej podstaty integračného zoskupenia. 
610 2 0 |a globalizácia 
610 2 0 |a Európska únia 
610 2 0 |a integrácia 
610 2 0 |a reformy 
100 1 |a Korduliak, Peter